Responses for Show #1381 - Monday, September 10, 1990

Game entered from audiorecording. Missing prizes.

Contestants

[<< previous game]

Ed Allen, a writer and teacher from Memphis, Tennessee

Marc Pais, a pension consultant originally from Brazil

Ken Marks, a proofreader and umpire originally from Eastchester, New York (whose 1-day cash winnings total $1,300)

[next game >>]

Jeopardy! Round responses

20th CENTURY AMERICA
POP MUSIC
DRAGONS
ISLANDS
COMIC STRIPS
ANAGRAMS
    $100 21
(Jimmy) Carter

Ed
    $100 1
Frank Sinatra

Ed
    $100 22
the Vikings

Ken
    $100 10
the West Indies

Ken
    $100 16
Dick Tracy

Ed
    $100 6
ants (from Stan)

Ken
    $200 23
(Alex: [*] is right, and we have a minute to go in the round.)

gold

Ed
    $200 2
Janis Joplin

Ken
    $200 27
China

Marc
    $200 12
Tasmania

Ken
    $200 17
Snoopy

Ken
    $200 7
bleat (from table)

Triple Stumper
    $300 24
Little Rock

Ed
    $500 3
(Alex: Obviously, he was well-remembered, and fondly remembered by you, Ken.)
[The song is not reprised going into the break.]

Jim Croce

Ken
    $300 28
[The end-of-round signal sounds.]

(St.) George

Ed
    $300 13
Cuba

Ed
    $300 18
"Chic"

Ken
    $300 8
garden (from danger)

Ed
    $400 25
(Ken: What's the Liberty Bell?)

the Constitutional Convention

Ken
Triple Stumper
    $400 4
(Ken: Who is Mel Tormé?)
...
(Alex: ...who's still going strong.)

Harry Belafonte

Ken
Triple Stumper
    $400 14
St. Helena

Ed
    $400 19
Mary Worth

Ken
    $400 9
ideas (from Sadie)

Marc
    $500 26
invaded Afghanistan

Ed
    $500 5
"Band Of Gold"

Ken
    $500 15
Martha's Vineyard

Ken
    $500 20
(Dik) Browne

Ken
    $500 11
Darien (from rained)

Marc

Scores at the first commercial break (after clue 14):

Ken Marc Ed
$1,200 $900 $1,100

Scores at the end of the Jeopardy! Round:

Ken Marc Ed
$2,800 $1,100 $2,600

Double Jeopardy! Round responses

SCIENCE
SHAKESPEARE
WORLD LEADERS
FASHION HISTORY
HIGHER EDUCATION
THE STAGECOACH
    $200 1
Mercury (or Venus)

Ed
    $200 6
All's Well That Ends Well

Ed
    $200 12
Castro

Ed
    $200 17
(Ed: What are [*]?)
(Alex: [*]?--)
(Ed: [*].)
(Alex: --is another way of saying [**]? I didn't know that. But you are correct.)
[Laughter]

mouches (beauty marks)

Ed
    $200 11
Honolulu

Ken
    $1,500 2
adrenaline

Ed
    $400 7
Troilus

Ed
    $400 13
Nehru

Ken
    $400 20
fold

Marc
    $400 15
Auburn

Ken
    $600 3
pulses

Triple Stumper
    $600 8
Horatio

Ed
    $600 14
Turkey

Ed
    $600 22
(Alex: We have a minute to go.)

a scarf (a veil)

Ken
    $600 18
[Ed responds without being acknowledged.]
(Alex: Yes, Washington and [*] University.)

Lee

Ed
    $600 23
trains

Ken
    $800 4
calcium carbonate

Marc
    $800 9
(Alex: [*] in the play Macbeth.)

the Three Witches

Triple Stumper
    $800 16
(Alex: The reference to Philip II of Macedonia, and his son was [*].)

Alexander the Great

Triple Stumper
    $800 19
Heidelberg

Marc
    $800 24
(Marc: What is Arizona?)

California

Marc
Triple Stumper
    $1000 5
quantum physics

Ed
    $4,000 10
The Merry Wives of Windsor

Ed
    $1000 21
de Gaulle

Marc
    $1000 27
[The end-of-round signal sounds.]

mail

Ed
    $1000 26
(Ed: Who is Washington?)

(George Washington) Carver

KenEd
    $1000 25
Sam Bass

Triple Stumper

Scores at the end of the Double Jeopardy! Round:

Ken Marc Ed
$6,000 $3,300 $12,100
(lock game)

[wagering suggestions for these scores]

Final Jeopardy! Round responses

AUTOBIOGRAPHIES
(Alex: [*], who did so much work with the deaf.)
MarcWho is Braille?
$1,305
KenWho is Edison?
$1,000
EdWho is Thomas Edison?
$99
Alexander Graham Bell

Final scores:

Ken Marc Ed
$5,000 $1,995 $12,001
2nd place 3rd place New champion: $12,001

Game dynamics:

Coryat scores:

Ken Marc Ed
$5,800 $3,300 $8,000
18 R
(including 1 DD),
2 W
7 R,
1 W
22 R
(including 2 DDs),
1 W

Combined Coryat: $17,100

[game clues] [game scores] [suggest correction]

Game tape date: 1990-07-31
The J! Archive is created by fans, for fans. Scraping, republication, monetization, and malicious use prohibited; this site may use cookies and collect identifying information. See terms. The Jeopardy! game show and all elements thereof, including but not limited to copyright and trademark thereto, are the property of Jeopardy Productions, Inc. and are protected under law. This website is not affiliated with, sponsored by, or operated by Jeopardy Productions, Inc. Join the discussion at JBoard.tv.